Search the Library Catalogue
| 000 -LEADER | |
|---|---|
| fixed length control field | 00677nam a2200217Ia 4500 |
| 008 - FIXED-LENGTH DATA ELEMENTS--GENERAL INFORMATION | |
| fixed length control field | 191130s1997##################000#0#eng## |
| 020 ## - INTERNATIONAL STANDARD BOOK NUMBER | |
| ISBN | 820411795 |
| 082 ## - DEWEY DECIMAL CLASSIFICATION NUMBER | |
| Classification number | 190 SWE |
| 100 ## - MAIN ENTRY--AUTHOR NAME | |
| Personal name | Sweeney, Leo |
| 245 ## - TITLE STATEMENT | |
| Title | Christian philosophy : Greek, medieval, contemporary reflections |
| Statement of responsibility, etc | Leo Sweeney |
| 260 ## - PUBLICATION, DISTRIBUTION, ETC. (IMPRINT) | |
| Place of publication | Frankfurt am Main ; New York |
| Name of publisher | Peter Lang |
| Year of publication | c1997 |
| 300 ## - PHYSICAL DESCRIPTION | |
| Number of Pages | xxxviii, 714 p. ; 23 cm |
| 500 ## - GENERAL NOTE | |
| General note | Includes bibliographical references and indexes |
| 650 ## - SUBJECT ADDED ENTRY--TOPICAL TERM | |
| Topical Term | Christianity - Philosophy |
| Topical Term | Philosophy and religion |
| 991 ## - | |
| -- | 60697 |
| Withdrawn status | Lost status | Damaged status | Not for loan | Home library | Current library | Shelving location | Date acquired | Full call number | Accession Number | Price effective from | Koha item type |
|---|---|---|---|---|---|---|---|---|---|---|---|
| Anna Centenary Library | Anna Centenary Library | 3RD FLOOR, A WING | 12.10.2020 | 190 SWE | 220621 | 12.10.2020 | English Books |